Statistics for 10 Biggest Economies of the EU

Click here to take the quiz!

General Stats

  • This quiz has been taken 217 times
  • The average score is 10 of 10

Answer Stats

Hint Answer % Correct
€ 3,025,900,000,000Germany
100%
€ 2,575,700,000,000United Kingdom
100%
€ 2,181,100,000,000France
100%
€ 1,636,400,000,000Italy
99%
€ 1,081,200,000,000Spain
99%
€ 444,600,000,000Sweden
99%
€ 427,700,000,000Poland
95%
€ 409,400,000,000Belgium
95%
€ 676,5000,000,000Netherlands
94%
€ 339,900,000,000Austria
92%

Score Distribution

Percentile by Number Answered

Percent of People with Each Score

Your Score History

You have not taken this quiz